[Event "ODJM B 2024"]
[Site "Willingen GER"]
[Date "2024.05.22"]
[Round "5"]
[White "Alugili, Yosef"]
[Black "Kühne, Malin"]
[Result "0-1"]
[Termination "normal"]
[Board "42"]
[WhiteElo "1744"]
[BlackElo "1546"]
[WhiteClock "00:14:08"]
[BlackClock "00:35:37"]
[PlyCount "36"]
[WhiteFideId "34635963"]
[BlackFideId "34619747"]
[EventCountry "GER"]
[EventRounds "9"]
[EventType "swiss"]
[EventDate "2024.05.18"]

1. e4 {[%clk 01:30:59]} d6 {[%clk 01:30:55]} {[%emt 00:00:05]} 2. d4 {[%clk
01:31:27]} {[%emt 00:00:03]} Nf6 {[%clk 01:31:18]} {[%emt 00:00:07]} 3. Nc3
{[%clk 01:31:53]} {[%emt 00:00:04]} Nbd7 {[%clk 01:31:42]} {[%emt 00:00:07]} 4.
Nf3 {[%clk 01:32:15]} {[%emt 00:00:09]} e5 {[%clk 01:32:04]} {[%emt 00:00:07]}
5. Bg5 {[%clk 01:32:00]} {[%emt 00:00:45]} h6 {[%clk 01:31:51]} {[%emt
00:00:43]} 6. Bh4 {[%clk 01:32:14]} {[%emt 00:00:16]} c6 {[%clk 01:31:28]}
{[%emt 00:00:53]} 7. dxe5 {[%clk 01:32:32]} {[%emt 00:00:11]} dxe5 {[%clk
01:31:39]} {[%emt 00:00:19]} 8. Bc4 {[%clk 01:32:19]} {[%emt 00:00:43]} Be7
{[%clk 01:30:19]} {[%emt 00:01:49]} 9. O-O {[%clk 01:31:55]} {[%emt 00:00:54]}
O-O {[%clk 01:29:33]} {[%emt 00:01:16]} 10. Bg3 {[%clk 01:31:59]} {[%emt
00:00:26]} Qc7 {[%clk 01:11:47]} {[%emt 00:18:16]} 11. Bb3 {[%clk 01:11:40]}
{[%emt 00:20:49]} Bd6 {[%clk 01:08:21]} {[%emt 00:03:55]} 12. Qd2 {[%clk
01:04:18]} {[%emt 00:07:53]} Nc5 {[%clk 00:56:10]} {[%emt 00:12:40]} 13. Rfe1
{[%clk 00:53:21]} {[%emt 00:11:26]} Nxb3 {[%clk 00:55:11]} {[%emt 00:01:30]}
14. axb3 {[%clk 00:53:46]} {[%emt 00:00:06]} Bg4 {[%clk 00:51:46]} {[%emt
00:03:54]} 15. Qe3 {[%clk 00:40:06]} {[%emt 00:14:10]} b6 {[%clk 00:48:02]}
{[%emt 00:04:14]} 16. h3 {[%clk 00:40:12]} {[%emt 00:00:24]} Bh5 {[%clk
00:45:39]} {[%emt 00:02:52]} 17. Red1 {[%clk 00:23:53]} {[%emt 00:16:50]} Rfd8
{[%clk 00:43:15]} {[%emt 00:02:54]} 18. Rd3 {[%clk 00:14:08]} {[%emt 00:10:16]}
Ne8 {[%clk 00:35:37]} {[%emt 00:08:07]} *

[Event "ODJM B 2024"]
[Site "Willingen GER"]
[Date "2024.05.22"]
[Round "5"]
[White "Klemm, Julian"]
[Black "Claussen, Alexander"]
[Result "0-1"]
[Termination "normal"]
[Board "43"]
[WhiteElo "1408"]
[BlackElo "1595"]
[WhiteClock "00:40:39"]
[BlackClock "00:27:08"]
[PlyCount "72"]
[WhiteFideId "533001901"]
[BlackFideId "16248910"]
[EventCountry "GER"]
[EventRounds "9"]
[EventType "swiss"]
[EventDate "2024.05.18"]

1. e4 {[%clk 01:30:49]} {[%emt 00:00:11]} e6 {[%clk 01:30:52]} {[%emt
00:00:08]} 2. d4 {[%clk 01:31:12]} {[%emt 00:00:07]} d5 {[%clk 01:31:16]}
{[%emt 00:00:06]} 3. exd5 {[%clk 01:31:34]} {[%emt 00:00:07]} exd5 {[%clk
01:31:41]} {[%emt 00:00:05]} 4. Bd3 {[%clk 01:31:51]} {[%emt 00:00:13]} Bd6
{[%clk 01:32:05]} {[%emt 00:00:06]} 5. Ne2 {[%clk 01:32:13]} {[%emt 00:00:08]}
Ne7 {[%clk 01:32:17]} {[%emt 00:00:18]} 6. Bf4 {[%clk 01:32:27]} {[%emt
00:00:16]} Bf5 {[%clk 01:31:23]} {[%emt 00:01:24]} 7. Bxd6 {[%clk 01:32:31]}
{[%emt 00:00:26]} Qxd6 {[%clk 01:31:38]} {[%emt 00:00:14]} 8. Nbc3 {[%clk
01:29:48]} {[%emt 00:03:14]} c6 {[%clk 01:28:50]} {[%emt 00:03:18]} 9. Ng3
{[%clk 01:25:17]} {[%emt 00:05:00]} Bxd3 {[%clk 01:28:53]} {[%emt 00:00:27]}
10. Qxd3 {[%clk 01:25:40]} {[%emt 00:00:07]} Nd7 {[%clk 01:29:12]} {[%emt
00:00:11]} 11. O-O {[%clk 01:25:29]} {[%emt 00:00:41]} g6 {[%clk 01:23:09]}
{[%emt 00:06:33]} 12. a3 {[%clk 01:22:32]} {[%emt 00:03:28]} h5 {[%clk
01:15:05]} {[%emt 00:08:34]} 13. f4 {[%clk 01:17:05]} {[%emt 00:05:56]} O-O-O
{[%clk 00:59:18]} {[%emt 00:16:17]} 14. b4 {[%clk 01:16:38]} {[%emt 00:00:58]}
h4 {[%clk 00:56:23]} {[%emt 00:03:24]} 15. Nge2 {[%clk 01:16:54]} {[%emt
00:00:13]} Nf5 {[%clk 00:56:42]} {[%emt 00:00:11]} 16. b5 {[%clk 01:13:28]}
{[%emt 00:03:57]} c5 {[%clk 00:54:43]} {[%emt 00:02:29]} 17. a4 {[%clk
01:10:37]} {[%emt 00:03:21]} c4 {[%clk 00:49:25]} {[%emt 00:05:48]} 18. Qd2
{[%clk 01:03:56]} {[%emt 00:07:10]} Nf6 {[%clk 00:48:24]} {[%emt 00:01:31]} 19.
a5 {[%clk 00:59:09]} {[%emt 00:05:18]} Rhe8 {[%clk 00:40:46]} {[%emt 00:08:08]}
20. Rf3 {[%clk 00:54:52]} {[%emt 00:04:47]} Ne4 {[%clk 00:37:41]} {[%emt
00:03:35]} 21. Nxe4 {[%clk 00:52:41]} {[%emt 00:02:40]} dxe4 {[%clk 00:37:16]}
{[%emt 00:00:56]} 22. Rff1 {[%clk 00:47:32]} {[%emt 00:05:39]} Nxd4 {[%clk
00:35:12]} {[%emt 00:02:34]} 23. Nxd4 {[%clk 00:45:58]} {[%emt 00:02:04]} Qxd4+
{[%clk 00:35:35]} {[%emt 00:00:07]} 24. Qxd4 {[%clk 00:46:24]} {[%emt
00:00:04]} Rxd4 {[%clk 00:36:01]} {[%emt 00:00:05]} 25. Rfe1 {[%clk 00:45:52]}
{[%emt 00:01:02]} Rd2 {[%emt 00:01:14]} 26. Rac1 {[%clk 00:45:21]} c3 {[%clk
00:36:40]} {[%emt 00:00:08]} 27. Kf1 {[%clk 00:44:52]} {[%emt 00:00:58]} e3
{[%clk 00:34:33]} {[%emt 00:02:37]} 28. Re2 {[%clk 00:43:21]} {[%emt 00:02:01]}
Re4 {[%clk 00:34:03]} {[%emt 00:01:00]} 29. g3 {[%clk 00:42:59]} {[%emt
00:00:52]} hxg3 {[%clk 00:34:17]} {[%emt 00:00:16]} 30. hxg3 {[%clk 00:43:25]}
{[%emt 00:00:05]} Re8 {[%clk 00:34:29]} {[%emt 00:00:17]} 31. Rce1 {[%clk
00:42:39]} {[%emt 00:01:16]} Kd7 {[%clk 00:29:52]} {[%emt 00:05:07]} 32. Rxe3
{[%clk 00:41:54]} {[%emt 00:01:16]} Rxe3 {[%clk 00:30:11]} {[%emt 00:00:11]}
33. Rxe3 {[%clk 00:42:19]} {[%emt 00:00:04]} Rxc2 {[%clk 00:30:35]} {[%emt
00:00:06]} 34. Rd3+ {[%clk 00:42:35]} {[%emt 00:00:14]} Ke6 {[%clk 00:30:22]}
{[%emt 00:00:43]} 35. Ke1 {[%clk 00:42:17]} {[%emt 00:00:49]} Kf5 {[%clk
00:29:42]} {[%emt 00:01:10]} 36. Re3 {[%clk 00:40:39]} {[%emt 00:02:07]} f6
{[%clk 00:27:08]} {[%emt 00:03:04]} *

[Event "ODJM B 2024"]
[Site "Willingen GER"]
[Date "2024.05.22"]
[Round "5"]
[White "Li, Joshua"]
[Black "Türel, Tugce"]
[Result "0-1"]
[Termination "normal"]
[Board "45"]
[WhiteElo "1601"]
[BlackElo "1582"]
[WhiteClock "00:32:42"]
[BlackClock "00:17:36"]
[PlyCount "37"]
[WhiteFideId "34623639"]
[BlackFideId "26350602"]
[EventCountry "GER"]
[EventRounds "9"]
[EventType "swiss"]
[EventDate "2024.05.18"]

1. e4 {[%clk 01:30:59]} e6 {[%clk 01:30:54]} {[%emt 00:00:07]} 2. d4 {[%clk
01:31:10]} {[%emt 00:00:18]} d5 {[%clk 01:31:16]} {[%emt 00:00:08]} 3. Nc3
{[%clk 01:31:28]} {[%emt 00:00:12]} Nf6 {[%clk 01:31:28]} {[%emt 00:00:18]} 4.
e5 {[%clk 01:31:45]} {[%emt 00:00:13]} Nfd7 {[%clk 01:31:51]} {[%emt 00:00:07]}
5. f4 {[%clk 01:31:53]} {[%emt 00:00:22]} c5 {[%clk 01:32:06]} {[%emt
00:00:16]} 6. Nf3 {[%clk 01:32:18]} {[%emt 00:00:05]} Nc6 {[%clk 01:32:18]}
{[%emt 00:00:18]} 7. Ne2 {[%clk 01:32:41]} {[%emt 00:00:05]} Qb6 {[%clk
01:32:04]} {[%emt 00:00:44]} 8. c3 {[%clk 01:32:25]} {[%emt 00:00:48]} cxd4
{[%clk 01:29:42]} {[%emt 00:02:52]} 9. Nexd4 {[%clk 01:32:45]} {[%emt
00:00:10]} a5 {[%clk 01:27:39]} {[%emt 00:02:33]} 10. Qc2 {[%clk 01:25:55]}
{[%emt 00:07:20]} Bc5 {[%clk 01:25:00]} {[%emt 00:03:09]} 11. Be3 {[%clk
01:25:54]} {[%emt 00:00:32]} f6 {[%clk 01:03:12]} {[%emt 00:22:18]} 12. Bd3
{[%clk 00:45:43]} {[%emt 00:40:41]} fxe5 {[%clk 00:48:19]} {[%emt 00:15:23]}
13. Bg6+ {[%clk 00:43:18]} {[%emt 00:02:54]} Ke7 {[%clk 00:25:39]} {[%emt
00:23:09]} 14. Nxc6+ {[%clk 00:33:52]} {[%emt 00:09:58]} bxc6 {[%clk 00:23:26]}
{[%emt 00:02:43]} 15. Bxc5+ {[%clk 00:34:03]} {[%emt 00:00:18]} Qxc5 {[%clk
00:23:05]} {[%emt 00:00:52]} 16. Bxh7 {[%clk 00:33:45]} {[%emt 00:00:47]} e4
{[%clk 00:23:07]} {[%emt 00:00:28]} 17. Ng5 {[%clk 00:33:31]} {[%emt 00:00:45]}
Nf8 {[%clk 00:17:24]} {[%emt 00:06:12]} 18. Bxe4 {[%clk 00:32:32]} {[%emt
00:01:30]} dxe4 {[%clk 00:17:36]} {[%emt 00:00:18]} 19. Qxe4 {[%clk 00:32:42]}
{[%emt 00:00:19]} *

[Event "ODJM B 2024"]
[Site "Willingen GER"]
[Date "2024.05.22"]
[Round "5"]
[White "Foos, Vanessa"]
[Black "De Cauter, Leah"]
[Result "1-0"]
[Termination "normal"]
[Board "46"]
[WhiteElo "1588"]
[BlackElo "1617"]
[WhiteClock "00:40:56"]
[BlackClock "00:06:53"]
[PlyCount "32"]
[WhiteFideId "16245270"]
[BlackFideId "16222350"]
[EventCountry "GER"]
[EventRounds "9"]
[EventType "swiss"]
[EventDate "2024.05.18"]

1. Nf3 {[%clk 01:30:58]} {[%emt 00:00:01]} c5 {[%clk 01:30:28]} {[%emt
00:00:32]} 2. c4 {[%clk 01:31:23]} {[%emt 00:00:05]} g6 {[%clk 01:30:42]}
{[%emt 00:00:16]} 3. d4 {[%clk 01:31:45]} {[%emt 00:00:08]} cxd4 {[%clk
01:30:04]} {[%emt 00:01:08]} 4. Nxd4 {[%clk 01:32:08]} {[%emt 00:00:07]} Bg7
{[%clk 01:30:18]} {[%emt 00:00:16]} 5. e4 {[%clk 01:32:10]} {[%emt 00:00:28]}
Nc6 {[%clk 01:29:48]} {[%emt 00:01:01]} 6. Be3 {[%clk 01:30:23]} {[%emt
00:04:25]} Nf6 {[%clk 01:27:19]} {[%emt 00:00:50]} 7. Nxc6 {[%clk 01:28:36]}
{[%emt 00:02:18]} bxc6 {[%clk 01:27:19]} {[%emt 00:00:30]} 8. Nc3 {[%clk
01:28:09]} {[%emt 00:00:57]} d6 {[%clk 01:22:17]} {[%emt 00:05:32]} 9. Qa4
{[%clk 01:12:05]} {[%emt 00:16:35]} Qc7 {[%clk 01:15:03]} {[%emt 00:07:43]} 10.
c5 {[%clk 00:54:35]} {[%emt 00:18:00]} O-O {[%clk 01:10:19]} {[%emt 00:05:13]}
11. cxd6 {[%clk 00:53:09]} {[%emt 00:01:57]} exd6 {[%clk 01:10:01]} {[%emt
00:00:48]} 12. Be2 {[%clk 00:49:51]} {[%emt 00:03:47]} Ng4 {[%clk 00:54:21]}
{[%emt 00:16:10]} 13. Bxg4 {[%clk 00:49:26]} {[%emt 00:00:55]} Bxg4 {[%clk
00:45:48]} {[%emt 00:09:02]} 14. f3 {[%clk 00:45:53]} {[%emt 00:04:04]} Be6
{[%emt 00:09:59]} 15. Rc1 {[%clk 00:41:52]} Rab8 {[%clk 00:27:59]} {[%emt
00:13:22]} 16. b3 {[%clk 00:40:56]} {[%emt 00:01:26]} c5 {[%clk 00:06:53]}
{[%emt 00:21:36]} *

[Event "ODJM B 2024"]
[Site "Willingen GER"]
[Date "2024.05.22"]
[Round "5"]
[White "Reif, Karla"]
[Black "Wellßow, Lio Keanu"]
[Result "1-0"]
[Termination "normal"]
[Board "47"]
[WhiteElo "1701"]
[BlackElo "1486"]
[WhiteClock "00:39:04"]
[BlackClock "01:20:00"]
[PlyCount "69"]
[WhiteFideId "12971871"]
[BlackFideId "16252837"]
[EventCountry "GER"]
[EventRounds "9"]
[EventType "swiss"]
[EventDate "2024.05.18"]

1. b3 {[%clk 01:30:59]} {[%emt 00:00:01]} e6 {[%clk 01:30:24]} {[%emt
00:00:36]} 2. Bb2 {[%clk 01:31:02]} {[%emt 00:00:27]} d5 {[%clk 01:30:39]}
{[%emt 00:00:15]} 3. Nf3 {[%clk 01:31:28]} {[%emt 00:00:04]} Bb4 {[%clk
01:29:35]} {[%emt 00:01:35]} 4. Bxg7 {[%clk 01:31:04]} {[%emt 00:00:54]} f6
{[%clk 01:27:54]} {[%emt 00:02:11]} 5. Bxh8 {[%clk 01:28:29]} {[%emt 00:03:05]}
b6 {[%clk 01:27:38]} {[%emt 00:00:46]} 6. e3 {[%clk 01:25:07]} {[%emt
00:03:52]} Bb7 {[%clk 01:27:41]} {[%emt 00:00:28]} 7. Nd4 {[%clk 01:20:48]}
{[%emt 00:04:49]} Qe7 {[%clk 01:27:10]} {[%emt 00:01:01]} 8. Qh5+ {[%clk
01:19:57]} {[%emt 00:01:19]} Kd7 {[%clk 01:26:13]} {[%emt 00:01:27]} 9. Bd3
{[%clk 01:16:39]} {[%emt 00:03:48]} c5 {[%clk 01:25:53]} {[%emt 00:00:51]} 10.
Ne2 {[%clk 01:10:04]} {[%emt 00:07:05]} h6 {[%clk 01:25:14]} {[%emt 00:01:09]}
11. Qg6 {[%clk 01:06:04]} {[%emt 00:04:30]} Nc6 {[%clk 01:23:20]} {[%emt
00:02:24]} 12. Bg7 {[%clk 01:00:43]} {[%emt 00:05:50]} Ne5 {[%clk 01:23:13]}
{[%emt 00:00:38]} 13. Bxf6 {[%clk 00:50:47]} {[%emt 00:10:27]} Nxg6 {[%clk
01:21:44]} {[%emt 00:01:58]} 14. Bxe7 {[%clk 00:51:10]} {[%emt 00:00:08]} N8xe7
{[%clk 01:21:45]} {[%emt 00:00:29]} 15. Bxg6 {[%clk 00:51:22]} {[%emt
00:00:19]} Nxg6 {[%clk 01:22:04]} {[%emt 00:00:11]} 16. c3 {[%clk 00:50:59]}
{[%emt 00:00:54]} Ba5 {[%clk 01:22:25]} {[%emt 00:00:09]} 17. a3 {[%clk
00:50:30]} {[%emt 00:00:59]} b5 {[%clk 01:22:39]} {[%emt 00:00:15]} 18. b4
{[%clk 00:50:24]} {[%emt 00:00:35]} Bb6 {[%clk 01:22:46]} {[%emt 00:00:23]} 19.
d4 {[%clk 00:50:08]} {[%emt 00:00:47]} c4 {[%clk 01:22:40]} {[%emt 00:00:36]}
20. Nd2 {[%clk 00:50:12]} {[%emt 00:00:25]} a5 {[%clk 01:22:24]} {[%emt
00:00:47]} 21. O-O {[%clk 00:50:18]} {[%emt 00:00:23]} a4 {[%clk 01:22:46]}
{[%emt 00:00:08]} 22. Ng3 {[%clk 00:48:53]} {[%emt 00:01:55]} Rf8 {[%clk
01:23:02]} {[%emt 00:00:14]} 23. f4 {[%clk 00:47:33]} {[%emt 00:01:50]} Nh4
{[%clk 01:22:53]} {[%emt 00:00:38]} 24. Nf3 {[%clk 00:45:07]} {[%emt 00:02:57]}
Nf5 {[%clk 01:21:37]} {[%emt 00:01:46]} 25. Nxf5 {[%clk 00:45:13]} {[%emt
00:00:24]} exf5 {[%clk 01:21:57]} {[%emt 00:00:10]} 26. Ne5+ {[%clk 00:45:36]}
{[%emt 00:00:07]} Ke6 {[%clk 01:22:03]} {[%emt 00:00:24]} 27. Kf2 {[%clk
00:45:21]} {[%emt 00:00:45]} Rg8 {[%clk 01:22:00]} {[%emt 00:00:33]} 28. Rg1
{[%clk 00:45:25]} {[%emt 00:00:26]} Bc7 {[%clk 01:21:00]} {[%emt 00:01:30]} 29.
g4 {[%clk 00:45:16]} {[%emt 00:00:39]} Bc8 {[%clk 01:19:40]} {[%emt 00:01:50]}
30. gxf5+ {[%clk 00:45:26]} {[%emt 00:00:20]} Kxf5 {[%clk 01:19:59]} {[%emt
00:00:10]} 31. Rxg8 {[%clk 00:45:40]} {[%emt 00:00:15]} Be6 {[%clk 01:20:01]}
{[%emt 00:00:27]} 32. Rg6 {[%clk 00:43:52]} {[%emt 00:02:20]} Ke4 {[%clk
01:20:03]} {[%emt 00:00:28]} 33. Rxe6 {[%clk 00:38:29]} {[%emt 00:05:53]} Bxe5
{[%clk 01:20:21]} {[%emt 00:00:11]} 34. Ke2 {[%clk 00:38:46]} {[%emt 00:00:14]}
h5 {[%clk 01:20:00]} {[%emt 00:00:50]} 35. Rxe5# {[%clk 00:39:04]} {[%emt
00:00:13]} 1-0

[Event "ODJM B 2024"]
[Site "Willingen GER"]
[Date "2024.05.22"]
[Round "5"]
[White "Böttcher, Tim"]
[Black "Mlynarski, Milosz"]
[Result "1-0"]
[Termination "normal"]
[Board "48"]
[WhiteElo "1699"]
[BlackElo "1663"]
[WhiteClock "00:30:14"]
[BlackClock "00:31:00"]
[PlyCount "49"]
[WhiteFideId "16278550"]
[BlackFideId "34636854"]
[EventCountry "GER"]
[EventRounds "9"]
[EventType "swiss"]
[EventDate "2024.05.18"]

1. e4 {[%clk 01:30:58]} e5 {[%clk 01:30:46]} {[%emt 00:00:15]} 2. Nf3 {[%clk
01:30:49]} {[%emt 00:00:39]} Nc6 {[%clk 01:30:29]} {[%emt 00:00:48]} 3. Bc4
{[%clk 01:30:36]} {[%emt 00:00:43]} Bc5 {[%clk 01:30:18]} {[%emt 00:00:41]} 4.
c3 {[%clk 01:29:14]} {[%emt 00:01:53]} Nf6 {[%clk 01:30:24]} {[%emt 00:00:24]}
5. d3 {[%clk 01:28:19]} {[%emt 00:01:25]} d6 {[%emt 00:01:40]} 6. O-O {[%clk
01:27:53]} {[%emt 00:00:07]} O-O {[%clk 01:30:14]} {[%emt 00:00:19]} 7. b4
{[%clk 01:25:16]} {[%emt 00:03:06]} Bb6 {[%clk 01:30:31]} {[%emt 00:00:14]} 8.
Bg5 {[%clk 01:24:32]} {[%emt 00:01:14]} Bd7 {[%clk 01:27:39]} {[%emt 00:03:22]}
9. Nbd2 {[%clk 01:22:18]} {[%emt 00:02:45]} a5 {[%clk 01:20:43]} {[%emt
00:07:26]} 10. b5 {[%clk 01:21:13]} {[%emt 00:01:35]} Ne7 {[%clk 01:20:40]}
{[%emt 00:00:32]} 11. Bxf6 {[%clk 01:21:09]} {[%emt 00:00:34]} gxf6 {[%clk
01:21:03]} {[%emt 00:00:07]} 12. a4 {[%clk 01:21:06]} {[%emt 00:00:34]} Ng6
{[%clk 01:21:21]} {[%emt 00:00:11]} 13. Kh1 {[%clk 01:18:10]} {[%emt 00:03:26]}
c6 {[%clk 01:20:43]} {[%emt 00:01:09]} 14. Rb1 {[%clk 01:12:35]} {[%emt
00:06:04]} Kg7 {[%clk 01:18:39]} {[%emt 00:02:34]} 15. d4 {[%clk 01:08:18]}
{[%emt 00:04:47]} Qc7 {[%clk 01:10:01]} {[%emt 00:09:08]} 16. Rb3 {[%clk
00:57:11]} {[%emt 00:11:37]} f5 {[%clk 01:00:25]} {[%emt 00:10:05]} 17. exf5
{[%clk 00:49:55]} {[%emt 00:07:46]} Bxf5 {[%clk 01:00:42]} {[%emt 00:00:13]}
18. bxc6 {[%clk 00:49:44]} {[%emt 00:00:41]} bxc6 {[%clk 00:59:05]} {[%emt
00:02:08]} 19. dxe5 {[%clk 00:49:15]} {[%emt 00:00:59]} dxe5 {[%clk 00:58:15]}
{[%emt 00:01:19]} 20. Ng5 {[%clk 00:48:08]} {[%emt 00:01:36]} Rab8 {[%clk
00:52:56]} {[%emt 00:05:50]} 21. Nde4 {[%clk 00:45:26]} {[%emt 00:03:12]} Qe7
{[%clk 00:45:09]} {[%emt 00:08:17]} 22. f3 {[%clk 00:33:00]} {[%emt 00:12:56]}
f6 {[%clk 00:40:28]} {[%emt 00:05:11]} 23. Nh3 {[%clk 00:30:54]} {[%emt
00:02:37]} Bxh3 {[%clk 00:40:18]} {[%emt 00:00:40]} 24. gxh3 {[%clk 00:31:18]}
{[%emt 00:00:06]} Nf4 {[%clk 00:31:00]} {[%emt 00:09:48]} 25. Qb1 {[%clk
00:30:14]} {[%emt 00:01:34]} *

[Event "ODJM B 2024"]
[Site "Willingen GER"]
[Date "2024.05.22"]
[Round "5"]
[White "Stepanjan, Tatevik Mia"]
[Black "Jähnert, Jamie Mares"]
[Result "1-0"]
[Termination "normal"]
[Board "49"]
[WhiteElo "1582"]
[BlackElo "1503"]
[WhiteClock "00:23:45"]
[BlackClock "00:34:37"]
[PlyCount "53"]
[WhiteFideId "16246128"]
[BlackFideId "34609156"]
[EventCountry "GER"]
[EventRounds "9"]
[EventType "swiss"]
[EventDate "2024.05.18"]

1. e4 {[%clk 01:30:59]} c6 {[%clk 01:30:55]} {[%emt 00:00:06]} 2. d4 {[%clk
01:31:21]} {[%emt 00:00:08]} d5 {[%clk 01:31:20]} {[%emt 00:00:05]} 3. exd5
{[%clk 01:31:46]} {[%emt 00:00:04]} cxd5 {[%clk 01:31:44]} {[%emt 00:00:07]} 4.
Bd3 {[%clk 01:32:11]} {[%emt 00:00:05]} Nc6 {[%clk 01:31:48]} {[%emt 00:00:25]}
5. c3 {[%clk 01:32:28]} {[%emt 00:00:13]} Nf6 {[%clk 01:31:14]} {[%emt
00:01:04]} 6. Nf3 {[%clk 01:32:08]} {[%emt 00:00:49]} Bg4 {[%clk 01:31:14]}
{[%emt 00:00:30]} 7. Bg5 {[%clk 01:30:57]} {[%emt 00:01:40]} e6 {[%clk
01:30:33]} {[%emt 00:01:13]} 8. Nbd2 {[%clk 01:30:41]} {[%emt 00:00:46]} Be7
{[%emt 00:01:13]} 9. O-O {[%clk 01:30:28]} {[%emt 00:00:17]} O-O {[%clk
01:30:40]} {[%emt 00:00:06]} 10. Qc2 {[%clk 01:30:28]} {[%emt 00:00:29]} g6
{[%clk 01:29:51]} {[%emt 00:01:19]} 11. Rfe1 {[%clk 01:28:12]} {[%emt
00:02:46]} Ne8 {[%clk 01:29:23]} {[%emt 00:00:59]} 12. Bh6 {[%clk 01:26:31]}
{[%emt 00:02:10]} Ng7 {[%clk 01:29:44]} {[%emt 00:00:10]} 13. Bf4 {[%clk
01:20:45]} {[%emt 00:06:11]} Bf5 {[%clk 01:26:00]} {[%emt 00:04:18]} 14. Ne5
{[%clk 01:15:07]} {[%emt 00:06:09]} Rc8 {[%clk 01:24:59]} {[%emt 00:01:32]} 15.
Nxc6 {[%clk 01:13:33]} {[%emt 00:02:03]} bxc6 {[%clk 01:19:56]} {[%emt
00:05:33]} 16. Nf3 {[%clk 01:07:16]} {[%emt 00:06:46]} c5 {[%clk 01:14:55]}
{[%emt 00:05:32]} 17. Bh6 {[%clk 00:49:37]} {[%emt 00:18:09]} Bf6 {[%clk
00:58:55]} {[%emt 00:16:31]} 18. dxc5 {[%clk 00:48:02]} {[%emt 00:02:05]} Bxd3
{[%clk 00:55:03]} {[%emt 00:04:22]} 19. Qxd3 {[%clk 00:47:31]} {[%emt
00:01:00]} Rxc5 {[%clk 00:55:25]} {[%emt 00:00:08]} 20. Be3 {[%clk 00:42:08]}
{[%emt 00:05:52]} Rc7 {[%clk 00:55:08]} {[%emt 00:00:48]} 21. Nd4 {[%clk
00:38:37]} {[%emt 00:04:01]} Rb7 {[%clk 00:50:03]} {[%emt 00:05:34]} 22. Rab1
{[%clk 00:36:21]} {[%emt 00:02:46]} Qd7 {[%clk 00:43:08]} {[%emt 00:07:25]} 23.
Qa6 {[%clk 00:31:58]} {[%emt 00:04:53]} Bxd4 {[%clk 00:40:23]} {[%emt
00:03:15]} 24. Bxd4 {[%clk 00:31:49]} {[%emt 00:00:39]} Nf5 {[%clk 00:40:46]}
{[%emt 00:00:08]} 25. Bf6 {[%clk 00:30:11]} {[%emt 00:02:07]} Nd6 {[%clk
00:37:24]} {[%emt 00:03:53]} 26. Qd3 {[%clk 00:24:56]} {[%emt 00:05:44]} Ne4
{[%clk 00:34:37]} {[%emt 00:03:18]} 27. Bd4 {[%clk 00:23:45]} {[%emt 00:01:41]}
*